000 00971nam a22002897a 4500
003 CHAP
005 20220329140055.0
008 971013s1982 r 00010 d
010 _a46588
011 _a47560
035 _a51702
040 _cCHAP
082 _a636.2
_bU3
110 _aUniversidad Central de Venezuela. Facultad de Agronomía. Instituto de Producción Animal
_9116396
245 _aSistemas de producción con bovinos en el trópico americano
260 _aMaracay :
_bLa Universidad,
_c1982
300 _a286 p.
_b; gráfs.
590 _aBATCH-UPD
_b10
_c20130110
_lUCH01
_h1437
590 _aBATCH-UPD
_b10
_c20130410
_lUCH01
_h0911
590 _aBATCH-UPD
_b10
_c20130914
_lUCH01
_h1459
590 _aCONVERSION
_b10
_c20130109
_lUCH01
_h1325
650 1 4 _aGanadería
_xTrópicos.
_944856
650 1 4 _aGanado vacuno
_xProducción.
_945506
901 _aBK
942 _cLIBRO
949 _a636.2 U3
_bBC
_cLIBRO
_d33724000098711
_eLIBRO
_h59860
_i51702
_mD
_si
999 _c46588
_d46588